00520nam a2200181 a 45000010010000000030011000100080041000210350026000620820016000881000020001042450027001242600040001516500010001919420012002019520090002139980020003039990015003230000-9367ELIB.Books110520 1960  a(ELIB.Books)0000-9519 a220.3 bSim aSims, Albert E. aWho's who in the Bible bNew York: The Wisdom Library c1960 aBible 2ddccBK 00102ddc4070aKBTSbKBTSd2011-05-20l0p8985r2022-01-22 00:00:00w2022-01-22yBK cbate2011-05-20 c9367d9367